• 首页
  • 本馆介绍
  • 公告通知
  • 最新文献
  • 馆藏检索
  • 电子资源
  • 读者导购
  • 参考咨询
  • 我的图书馆
  • 登录
  • 详细信息显示
  • 放入我的书架
  • 预约/预借图书
  • 作者相关作品
  • 分类相关作品
  • 丛书相关作品
  • 出版社相关作品

书目信息

  • 表格格式
  • 工作单格式
  • 卡片格式
题名:
回味秦朝
    
 
作者: 若木 著
分册:  
出版信息: 北京   中国三峡出版社  2006
页数: 263页
开本: 23cm
丛书名: 读史丛书
单 册:
中图分类: K233.09
科图分类:
主题词: 秦代--历史--通俗读物 , 秦代 , 历史
电子资源:
ISBN: 7-80099-988-2
000 00921oam2 2200277 45
001 1050818172
005 20100419100753.56
010    @a7-80099-988-2@dCNY29.80
100    @a20100409e20092006em y0chiy0110 ea
101 0  @achi
102    @aCN@b110000
105    @aa z 000yy
106    @ar
200 1  @a回味秦朝@AHui Wei Qin Chao@e帝国先河@EDi Guo Xian He@f若木著@FRuo Mu Zhu
210    @a北京@c中国三峡出版社@d2006@h2009
215    @a263页@c图@d23cm
225 2  @a读史丛书@i回味历史系列
330    @a本书从历史材料出发,记录了中国历史上秦朝如何成为唯一的超强大国,扫灭六国,统一天下的过程,探索了秦朝将以什么方式走向大一统?是一本反思秦朝历史的通俗读物。
461  0 @12001 @a读史丛书@i回味历史系列
606 0  @a秦代@x历史@j通俗读物
606 0  @a秦代
606 0  @a历史
690    @aK233.09@v4
701  0 @a若木@ARuo Mu@g(历史)@4著
801  0 @aCN@bTANGWEI@c20100419
905    @b0590816-17@dK233.09@e36@f2
    
    回味秦朝:帝国先河/若木著.-北京:中国三峡出版社,2006(2009)
    263页:图;23cm.-(读史丛书.回味历史系列)
    
    
    ISBN 7-80099-988-2:CNY29.80
    本书从历史材料出发,记录了中国历史上秦朝如何成为唯一的超强大国,扫灭六国,统一天下的过程,探索了秦朝将以什么方式走向大一统?是一本反思秦朝历史的通俗读物。
●
相关链接 在E读中查询图书 在五车中查询图书 在当当中查询图书 在豆瓣中查询图书


正题名:回味秦朝     索取号:K233.09/36         预约/预借

序号 登录号 条形码 馆藏地/架位号 状态 备注
1 0590816   205908160   第二样本阅览室/ [索取号:K233.09/36] 在馆    
2 0590817   205908179   第二借阅区/ [索取号:K233.09/36] 在馆    
唐山师范学院图书馆 欢迎您!
大连网信软件有限公司© 版权所有